000 00578cam a2200169 a 4500
020 _a0582238056
082 0 0 _a526.9
_bBAN
_cL-38, P-198
100 1 _aBannister, Arthur
_918361
245 1 0 _aSolving problems in surveying /
_cArthur. Bannister, R. Baker.
260 _aHarlow, Essex, England :
_bLongman Scientific & Technical ;
_aNew York :
_bWiley,
_c1989.
300 _a332 p. :
_bill. ;
_c25 cm.
500 _aIncludes index.
526 _a0
_b0
_c0
_d526_900000000000000_BAN
650 0 _aMCE
_xProblems, exercises, etc.
_939657
700 1 _aBaker, R.
_939637
942 _2ddc
_cBK
999 _c544109
_d544109